Score 0/12 Timer 01:00
2 Plays Today
% Correct
New York
95.9%
Jerusalem
93.2%
Chicago
90.7%
Philadelphia
82%
Hong Kong
79.2%
Paris
73.3%
Beirut
70.8%
Rome
68.7%
Jaipur
57.3%
Seattle
57%
London
55.5%
Oxford
40.4%

Today's Daily Dose

Remove Ads.
Support Sporcle.
Get the best of Sporcle when you Go Orange. This ad-free experience offers more features, more stats, and more fun while also helping to support Sporcle. Thank you for becoming a member.

You're not logged in!

Compare scores with friends on all Sporcle quizzes.
OR
Log In

Show Comments

Extras

Top Quizzes Today


Score Distribution

Your Account Isn't Verified!

In order to create a playlist on Sporcle, you need to verify the email address you used during registration. Go to your Sporcle Settings to finish the process.

Report this User

Report this user for behavior that violates our Community Guidelines.

Details: